Представление документа в формате RUSMARC

ПолеНазваниеЗначение
  Тип записи a
  Библиографический уровень m
001 Контрольный номер admiBOOK00013024
005 Дата корректировки 20140508173900.5
010 Индекс ISBN __
a ISBN 5-699-03984-8
d Цена 155.00
100 Данные общей обработки __
a Данные общей обработки 19011227 |||y0 y0189 ca
101 Язык документа __
a Язык текста rus
105 Кодированные данные (монография) __
a Кодированные данные (монография) zy
200 Заглавие и сведения об ответственности 0_
a Заглавие День, когда явились боги... 11 августа 3114 года до нашей эры
210 Выходные данные __
a Место издания М
c Издательство Эксмо
d Дата издания 2004
215 Физическое описание __
a Объем 416с.
c Иллюстрации/тип воспроизводства ил.
225 Серия __
a Серия Тайны древних цивилизаций
606 Тематические рубрики __
a Основная рубрика Этнография
x Основная подрубрика Всемирная история
610 Ключевые слова __
a Ключевые слова Майя
a Ключевые слова Ацтеки
a Ключевые слова Тикаль
a Ключевые слова Древние цивилизации
a Ключевые слова Древняя цивилизация
a Ключевые слова Теотиуакан
a Ключевые слова Паленка
a Ключевые слова Древние города
a Ключевые слова Древние храмы
a Ключевые слова Храмы
686 Индексы других классификаций __
a Классификационный индекс 63.5
a Классификационный индекс 63.3(0)
700 Автор _1
a Фамилия Дэникен
b Имя Э.
852 Данные о местонахождении __
c Местонахождение стеллажа 63.5
c Местонахождение стеллажа 63.3(0)
j Шифр хранения 63.5
852 Данные о местонахождении __
b Сигла хранения ЧЗ_1
t Номер экземпляра 1
i Авторский знак Д94
p Инвентарный номер 133551
901 Тип документа __
t Тип документа m
911 __
u 952a=Научное издание
u 952p=1554
938 Служебная информация __
a Название организации Саранский филиал
b Имя БД OUTPUT.MRC_Саранск
c Название АИБС АИБС Библиотека